<?xml version="1.0" encoding="UTF-8"?>
<record
    xmlns:xsi="http://www.w3.org/2001/XMLSchema-instance"
    xsi:schemaLocation="http://www.loc.gov/MARC21/slim http://www.loc.gov/standards/marcxml/schema/MARC21slim.xsd"
    xmlns="http://www.loc.gov/MARC21/slim">

  <leader>00760nam a2200217 a 4500</leader>
  <controlfield tag="003">DO-SdBNP</controlfield>
  <controlfield tag="005">20211014152737.0</controlfield>
  <controlfield tag="007">ta</controlfield>
  <controlfield tag="008">211014e2018    dr ac||gr|||| 00| 0bspa d</controlfield>
  <datafield tag="020" ind1=" " ind2=" ">
    <subfield code="a">9789945915006</subfield>
  </datafield>
  <datafield tag="040" ind1=" " ind2=" ">
    <subfield code="a">DO-SdBNP</subfield>
    <subfield code="b">spa</subfield>
    <subfield code="c">BNPHU</subfield>
  </datafield>
  <datafield tag="082" ind1=" " ind2="4">
    <subfield code="2">22</subfield>
    <subfield code="b">J585r</subfield>
  </datafield>
  <datafield tag="100" ind1="1" ind2=" ">
    <subfield code="a">Ruben E., Jes&#xFA;s Santos de, </subfield>
    <subfield code="9">80214</subfield>
  </datafield>
  <datafield tag="245" ind1="1" ind2="0">
    <subfield code="a">Rese&#xF1;a hist&#xF3;rica de la vida y trabajo del fundador del concilio Arca de Salvaci&#xF3;n Inc. /</subfield>
    <subfield code="c">Ruben E. de Jes&#xFA;s Santos</subfield>
  </datafield>
  <datafield tag="260" ind1=" " ind2=" ">
    <subfield code="a">Santo Domingo :</subfield>
    <subfield code="b">E Graphics Corp.,</subfield>
    <subfield code="c">2018</subfield>
  </datafield>
  <datafield tag="300" ind1=" " ind2=" ">
    <subfield code="a">[11 p.] :</subfield>
    <subfield code="b">il., ret. ;</subfield>
    <subfield code="c">28 cm.</subfield>
  </datafield>
  <datafield tag="500" ind1=" " ind2=" ">
    <subfield code="a">Un aporte de la Fundaci&#xF3;n Bienvenido Santos Inc.</subfield>
  </datafield>
  <datafield tag="590" ind1=" " ind2=" ">
    <subfield code="a">Inventariado 2021 / MF</subfield>
  </datafield>
  <datafield tag="600" ind1="0" ind2="4">
    <subfield code="a"> Santos Rodr&#xED;guezs ,Bienvenido Eugenio </subfield>
    <subfield code="9">80215</subfield>
    <subfield code="d">1905- ?</subfield>
  </datafield>
  <datafield tag="942" ind1=" " ind2=" ">
    <subfield code="2">ddc</subfield>
    <subfield code="c">LF2</subfield>
  </datafield>
  <datafield tag="952" ind1=" " ind2=" ">
    <subfield code="0">0</subfield>
    <subfield code="1">0</subfield>
    <subfield code="2">ddc</subfield>
    <subfield code="5">1</subfield>
    <subfield code="7">0</subfield>
    <subfield code="8">PD</subfield>
    <subfield code="a">BNPHU</subfield>
    <subfield code="b">PD</subfield>
    <subfield code="c">HD</subfield>
    <subfield code="d">2018-11-19</subfield>
    <subfield code="e">Dep&#xF3;sito legal / Rub&#xE9;n Santos</subfield>
    <subfield code="l">0</subfield>
    <subfield code="o">J585r</subfield>
    <subfield code="p">2021-27383</subfield>
    <subfield code="r">2021-10-14</subfield>
    <subfield code="w">2021-10-14</subfield>
    <subfield code="y">LFPD</subfield>
  </datafield>
  <datafield tag="952" ind1=" " ind2=" ">
    <subfield code="0">0</subfield>
    <subfield code="1">0</subfield>
    <subfield code="2">ddc</subfield>
    <subfield code="5">1</subfield>
    <subfield code="7">0</subfield>
    <subfield code="8">PD</subfield>
    <subfield code="a">BNPHU</subfield>
    <subfield code="b">PD</subfield>
    <subfield code="c">HD</subfield>
    <subfield code="d">2018-11-19</subfield>
    <subfield code="e">Dep&#xF3;sito legal / Rub&#xE9;n Santos</subfield>
    <subfield code="l">0</subfield>
    <subfield code="o">J585r</subfield>
    <subfield code="p">2021-27384</subfield>
    <subfield code="r">2021-10-14</subfield>
    <subfield code="t">e.2</subfield>
    <subfield code="w">2021-10-14</subfield>
    <subfield code="y">LFPD</subfield>
  </datafield>
  <datafield tag="952" ind1=" " ind2=" ">
    <subfield code="0">0</subfield>
    <subfield code="1">0</subfield>
    <subfield code="2">ddc</subfield>
    <subfield code="5">1</subfield>
    <subfield code="7">0</subfield>
    <subfield code="8">DS</subfield>
    <subfield code="a">BNPHU</subfield>
    <subfield code="b">GR</subfield>
    <subfield code="c">HD</subfield>
    <subfield code="d">2018-11-19</subfield>
    <subfield code="e">Dep&#xF3;sito legal / Rub&#xE9;n Santos</subfield>
    <subfield code="l">0</subfield>
    <subfield code="o">J585r</subfield>
    <subfield code="p">2021-27385</subfield>
    <subfield code="r">2021-10-14</subfield>
    <subfield code="t">e.3</subfield>
    <subfield code="w">2021-10-14</subfield>
    <subfield code="y">LFDS</subfield>
  </datafield>
  <datafield tag="999" ind1=" " ind2=" ">
    <subfield code="c">50752</subfield>
    <subfield code="d">50752</subfield>
  </datafield>
</record>
